000 01208nam a22003497a 4500
003 CHAP
005 20220329141440.0
008 971013s1988 r 00010 d
010 _a68316
011 _a69288
035 _a78764
040 _cCHAP
090 _aTesis
100 0 0 _aMartínez García, José.
_972061
245 _aSistematización del manejo y automatización de la adquisición de datos meteorológicos con microcomputadoras
260 _aChapingo, Méx. :
_bEl autor,
_c1988
300 _a13 h.
500 _a27-201
502 _aTesis (Ing. Agrónomo Esp. en Irrigaciòn) -- UACH. Departamento de Irrigación
590 _aALEPH
_b10
_c20130110
_lUCH01
_h1405
590 _aBATCH-UPD
_b10
_c20130109
_lUCH01
_h2339
590 _aBATCH-UPD
_b10
_c20130110
_lUCH01
_h1641
590 _aBATCH-UPD
_b10
_c20130410
_lUCH01
_h1032
590 _aBATCH-UPD
_b10
_c20130914
_lUCH01
_h1815
590 _aCONVERSION
_b10
_c20130109
_lUCH01
_h1338
650 1 4 _aMeteorología agrícola.
_975217
650 1 4 _aMicrocomputadoras.
_975505
650 1 4 _aProcesamiento automático de datos en meteorología.
_991803
901 _aBK
942 _cTESIS
949 _bBC
_cTES
_d-31639
_eTS1
_h21230
_i78764
_si
999 _c68316
_d68316